Termites in the trading system: How preferential agreements undermine free trade (Record no. 42869)

MARC details
000 -LEADER
fixed length control field 00407nam a2200133Ia 4500
020 ## - INTERNATIONAL STANDARD BOOK NUMBER
ISBN 0195699661
082 ## - DEWEY DECIMAL CLASSIFICATION NUMBER
Classification number 339.542.6
Item number BHA
100 ## - MAIN ENTRY--AUTHOR NAME
Personal name Bhagwati, Jagdish
245 #0 - TITLE STATEMENT
Title Termites in the trading system: How preferential agreements undermine free trade
260 ## - PUBLICATION, DISTRIBUTION, ETC. (IMPRINT)
Place of publication Oxford
Name of publisher Oxford University Press
Year of publication 2008
650 ## - SUBJECT ADDED ENTRY--TOPICAL TERM
Topical Term World trading system
942 ## - ADDED ENTRY ELEMENTS (KOHA)
Koha item type Books
Holdings
Withdrawn status Lost status Damaged status Not for loan Home library Current library Date acquired Cost, normal purchase price Full call number Accession Number Koha item type
        RRII Library RRII Library 16/12/2021 295.00 339.542.6 BHA 23133 Books